The CSI construction contract administration practice guide (Record no. 112607)
[ view plain ]
| 000 -LEADER | |
|---|---|
| fixed length control field | 01721cam a22002295a 4500 |
| 001 - CONTROL NUMBER | |
| control field | L153608 |
| 008 - FIXED-LENGTH DATA ELEMENTS--GENERAL INFORMATION | |
| fixed length control field | 110809s2011 xxk f 000 0 eng d |
| 020 ## - INTERNATIONAL STANDARD BOOK NUMBER | |
| International Standard Book Number | 9780470940150 |
| 035 ## - SYSTEM CONTROL NUMBER | |
| System control number | (Sirsi) u153608 |
| 041 0# - LANGUAGE CODE | |
| Language code of text/sound track or separate title | eng |
| 110 2# - MAIN ENTRY--CORPORATE NAME | |
| Corporate name or jurisdiction name as entry element | Construction Specifications Institute |
| 9 (RLIN) | 5105 |
| 245 04 - TITLE STATEMENT | |
| Title | The CSI construction contract administration practice guide |
| Medium | [electronic resource] |
| 260 ## - PUBLICATION, DISTRIBUTION, ETC. | |
| Name of publisher, distributor, etc. | John Wiley & Sons Inc |
| Date of publication, distribution, etc. | 2011 |
| 300 ## - PHYSICAL DESCRIPTION | |
| Extent | eBook |
| 505 2# - FORMATTED CONTENTS NOTE | |
| Formatted contents note | 1 Introduction to Construction Contract Administration -- 2 Roles and Responsibilities -- 3 Preconstruction -- 4 Meetings -- 5 Submittals -- 6 Site Visits, Observations, and Inspections -- 7 Quality Assurance and Quality Control -- 8 Interpretations and Modifications -- 9 Executing the Work -- 10 Claims and Disputes -- 11 Measurement and Payment -- 12 Project Closeout -- 13 Developing a Construction Contract Administration Guide -- 14 Summary |
| 520 ## - SUMMARY, ETC. | |
| Summary, etc. | This easy-to-follow guide offers invaluable tips all construction professionals can immediately put to use for improving the overall skill and efficiency of document preparation that accurately conveys stated goals, ensuring that all interested individuals receive fair representation throughout the entire construction process. Part of the CSI Practice Guides, a library of comprehensive references specifically and carefully designed for the construction professional. Each book examines important concepts and best practices integral to a particular aspect of the building process. |
| 650 24 - SUBJECT ADDED ENTRY--TOPICAL TERM | |
| Topical term or geographic name entry element | EBOOK |
| 651 #4 - SUBJECT ADDED ENTRY--GEOGRAPHIC NAME | |
| Geographic name | ENGLAND AND WALES |
| 690 ## - LOCAL SUBJECT ADDED ENTRY--TOPICAL TERM (OCLC, RLIN) | |
| Topical term or geographic name as entry element | CONSTRUCTION CONTROL |
| 856 40 - ELECTRONIC LOCATION AND ACCESS | |
| Uniform Resource Identifier | <a href="https://www.vlebooks.com/">https://www.vlebooks.com/</a> |
| Public note | View on VLEbooks. Logins for members only from [email protected] |
| 942 ## - ADDED ENTRY ELEMENTS (KOHA) | |
| Suppress in OPAC | 0 |
| Withdrawn status | Lost status | Source of classification or shelving scheme | Damaged status | Not for loan | Home library | Current library | Shelving location | Date acquired | Total Checkouts | Full call number | Barcode | Date last seen | Copy number | Price effective from | Koha item type |
|---|---|---|---|---|---|---|---|---|---|---|---|---|---|---|---|
| Dewey Decimal Classification | Virtual | Virtual | Online | 09/08/2011 | EBOOK | 153608-1001 | 06/08/2019 | 1 | 06/08/2019 | Book |